[Event "BL2-Ost 0708"]
[Site "Germany"]
[Date "2007.10.21"]
[Round "1.1"]
[White "Velicka, Petr"]
[Black "Rupprecht, Andreas"]
[Result "1/2-1/2"]
[WhiteElo "2507"]
[BlackElo "2376"]
[PlyCount "69"]
[EventDate "2007.10.21"]
[EventType "team-tourn"]
[EventRounds "9"]
[EventCountry "GER"]
[SourceTitle "EXT 2009"]
[Source "ChessBase"]
[SourceDate "2008.11.26"]
[SourceVersion "1"]
[SourceVersionDate "2008.11.26"]
[SourceQuality "1"]
[WhiteTeam "Passau"]
[BlackTeam "Regensburg Fortuna"]
[WhiteTeamCountry "GER"]
[BlackTeamCountry "GER"]

1. Nf3 Nf6 2. c4 g6 3. Nc3 Bg7 4. e4 0-0 5. d4 d6 6. Be2 e5 7. dxe5 dxe5 8. Qxd8 Rxd8 9. Bg5 Re8 10. Nd5 Nxd5 11. cxd5 c6 12. Bc4 cxd5 13. Bxd5 Nd7 14. Nd2 Nc5 15. 0-0-0 Be6 16. Bxe6 Nxe6 17. Be3 Bf8 18. Nb3 a5 19. Rd5 a4 20. Nd2 Rac8+ 21. Kb1 Bc5 22. Rxe5 Bxe3 23. fxe3 Nc5 24. Rxe8+ Rxe8 25. Rc1 Nxe4 26. Nxe4 Rxe4 27. Rc7 Rxe3 28. Rxb7 Re1+ 29. Kc2 Re2+ 30. Kc3 Rxg2 31. Ra7 Rxh2 32. Rxa4 Rh3+ 33. Kd2 Rh2+ 34. Kc3 Rh3+ 35. Kd2 1/2-1/2

[Event "Oberliga Bayern 0607"]
[Site "Bayern"]
[Date "2007.03.18"]
[Round "7.1"]
[White "Koepke, Christian"]
[Black "Rupprecht, Andreas"]
[Result "0-1"]
[WhiteElo "2245"]
[BlackElo "2350"]
[PlyCount "60"]
[EventDate "2006.10.15"]
[EventType "team-tourn"]
[EventRounds "9"]
[EventCountry "GER"]
[SourceTitle "EXT 2008"]
[Source "ChessBase"]
[SourceDate "2007.11.25"]
[SourceVersion "1"]
[SourceVersionDate "2007.11.25"]
[SourceQuality "1"]
[WhiteTeam "Muenchen Tarrasch"]
[BlackTeam "Regensburg Fortuna"]
[WhiteTeamCountry "GER"]
[BlackTeamCountry "GER"]

1. e4 e6 2. d4 d5 3. Nc3 Bb4 4. e5 c5 5. Bd2 Nh6 6. Nb5 Bxd2+ 7. Qxd2 0-0 8. f4 cxd4 9. Nf3 Nc6 10. Nbxd4 f6 11. 0-0-0 fxe5 12. fxe5 Bd7 13. Bd3 Nxd4 14. Nxd4 Ng4 15. Nf3 Qb6 16. Rde1 Nf2 17. Rhg1 Be8 18. Qe3 Nxd3+ 19. cxd3 Qa6 20. Kb1 Bg6 21. Rd1 d4 22. Qe2 Rf4 23. Rd2 Bh5 24. Rf1 Raf8 25. Qd1 Qc6 26. Rdf2 Qd5 27. Qb3 Qxb3 28. axb3 g5 29. h3 Kg7 30. g4 Be8 0-1

[Event "Oberliga Bayern 0607"]
[Site "Bayern"]
[Date "2006.11.19"]
[Round "3.1"]
[White "Rupprecht, Andreas"]
[Black "Schneider, Stefan"]
[Result "1/2-1/2"]
[WhiteElo "2350"]
[BlackElo "2272"]
[PlyCount "23"]
[EventDate "2006.10.15"]
[EventType "team-tourn"]
[EventRounds "9"]
[EventCountry "GER"]
[SourceTitle "EXT 2008"]
[Source "ChessBase"]
[SourceDate "2007.11.25"]
[SourceVersion "1"]
[SourceVersionDate "2007.11.25"]
[SourceQuality "1"]
[WhiteTeam "Regensburg Fortuna"]
[BlackTeam "Bayern Muenchen II"]
[WhiteTeamCountry "GER"]
[BlackTeamCountry "GER"]

1. g3 d5 2. Bg2 c6 3. c4 Nf6 4. Nf3 Bf5 5. cxd5 cxd5 6. Qb3 Bc8 7. Nc3 Nc6 8. d3 d4 9. Ne4 Nxe4 10. dxe4 e5 11. 0-0 Qb6 12. Qxb6 1/2-1/2